| Tag |
First Indicator |
Second Indicator |
Subfields |
| LEADER |
00000cam a2200000 4500 |
| 001 |
in00000020977 |
| 005 |
20190625105747.0 |
| 008 |
750717s1926 fr aef b 00010 fre |
| 010 |
|
|
|a 26019477
|
| 035 |
|
|
|a (OCoLC)01456116
|
| 035 |
|
|
|9 AAD0583AM
|
| 040 |
|
|
|a DLC
|c SNN
|d TXA
|d UtOrBLW
|
| 049 |
|
|
|a TXAS
|c 1
|v 1 [60218]
|v 2 [60219]
|
| 050 |
0 |
0 |
|a SB466.S7
|b G8
|
| 090 |
|
|
|a SB466.S7
|b G8 1926
|
| 092 |
|
|
|a 710
|b G87s
|
| 100 |
1 |
|
|a Gromort, Georges.
|
| 245 |
1 |
0 |
|a Jardins d'Espagne ;
|b 124 planches en 2 volumes donnant plus de 160 vues des jardins anciens et modernes de l'Andalousie et des deux Castilles, accompagnees de 20 plans, d'une preface et d'un texte explicatif /
|c par Georges Gromort.
|
| 264 |
|
1 |
|a Paris :
|b A. Vincent et cie,
|c 1926.
|
| 300 |
|
|
|a 2 volumes :
|b frontispiece, illustrations, plates, plans (part double) ;
|c 46 cm.
|
| 336 |
|
|
|a text
|b txt
|2 rdacontent
|
| 337 |
|
|
|a unmediated
|b n
|2 rdamedia
|
| 338 |
|
|
|a volume
|b nc
|2 rdacarrier
|
| 500 |
|
|
|a In portfolios.
|
| 504 |
|
|
|a "Bibliographie": volume 1, page [12].
|
| 650 |
|
0 |
|a Gardens
|z Spain.
|
| 999 |
|
|
|a MARS
|
| 999 |
f |
f |
|s fc4dfb19-ed4c-3046-882c-7c7d4322715d
|i 5c39ca12-023b-3da6-8be5-257d200a03eb
|t 0
|
| 952 |
f |
f |
|p noncirc
|a Texas A&M University
|b College Station
|c Cushing Memorial Library & Archives
|d Cushing: Rare Books (Does not check out)
|t 0
|e SB466.S7 G8 1926
|f Oversize
|h Library of Congress classification
|i unmediated -- volume
|k v.2
|
| 952 |
f |
f |
|p noncirc
|a Texas A&M University
|b College Station
|c Cushing Memorial Library & Archives
|d Cushing: Rare Books (Does not check out)
|t 0
|e SB466.S7 G8 1926
|f Oversize
|h Library of Congress classification
|i unmediated -- volume
|k v.1
|
| 998 |
f |
f |
|a SB466.S7 G8 1926
|s v.1-v.2
|t 0
|l Cushing: Rare Books (Does not check out)
|